LEADER 01487nam a2200277 i 4500 001 000000256772 003 CaOOAMICUS 005 20180102000000.0 008 180102s1979 it u000 u lat u 013 $a235680 040 $aSeMil$bita 100 0 $aIoannes Paulus II,$c.$0(OLS)http://semarc/name/646 245 10$aConstitutio Apostolica «Sapientia Christiana» de studiorum universitatibus et facultatibus ecclesiasticis :$bordinationes Sacrae Congregationis Pro Institutione Catholica ad Eandem Constitutionem rite exsequendam /$cIoannis Pauli 2. Summi Pontificis. 260 $a[S.l.] :$bTypis Polyglottis Vaticanis,$c1979. 300 $a51 p. ;$c27 cm. 500 $aContiene : Appendix. 650 4$aGiovanni Paolo II - Scritti e discorsi.$0(OLS)http://semarc/subject/7130 850 $aSeMil 852 $aSeMil$W1$xVenegono$y1$m5D XI 3/6$j207118$B207118$CSeMilBibl$Z2$F220606 $81 900 1 $aWojtyla, Karol,$d<1920-2005>. 900 0 $aGiovanni Paolo II$c. 961 $aOmaggio: Altro 996 $6245$aConstitutio Apostolica «Sapientia Christiana» de studiorum universitatibus et facultatibus ecclesiasticis :$bordinationes Sacrae Congregationis Pro Institutione Catholica ad Eandem Constitutionem rite exsequendam$9(OLS)http://semarc/title/412452 996 $6260$a[S.l.] :$bTypis Polyglottis Vaticanis$9(OLS)http://semarc/publisher/37081 LEADER 01151nam a2200253 i 4500 001 000000257056 003 CaOOAMICUS 005 20180129000000.0 008 180129s1838 it u000 u fre u 013 $a235964 040 $aSeMil$bita 100 1 $aNorvins, Jacques : Marquet de .$0(OLS)http://semarc/name/7136 245 10$aHistoire de Napoléon /$cpar M. de Norvins ; illustrée par Raffet et Vernet. 250 $a8. éd. revue corrigée et augmentée par l'auteur. 260 $aBruxelles :$bMeline, Cans & C.,$c1838. 300 $aVII, 524 p. ;$c28 cm. 600 04$aNapoleone I : Bonaparte .$0(OLS)http://semarc/subject/350 700 1 $aRaffet, Denis-Auguste-Marie .$0(OLS)http://semarc/name/94304 700 1 $aVernet, Horace .$0(OLS)http://semarc/name/94303 850 $aSeMil 852 $aSeMil$W1$xVenegono$y1$m3S IV 22 FA$j207402$B207402$CSeMilBibl$Z2$F220885 $8I 961 $aRecupero: Altro 996 $6245$aHistoire de Napoléon$9(OLS)http://semarc/title/411088 996 $6260$aBruxelles :$bMeline, Cans & C.$9(OLS)http://semarc/publisher/33770